Đề án công nghiệp hóa nông nghiệp và nông thôn thời kỳ 2001 -2010

Αποθηκεύτηκε σε:
Λεπτομέρειες βιβλιογραφικής εγγραφής
Κύριος συγγραφέας: Bộ Nông nghiệp và phát triển nông thôn
Μορφή: Βιβλίο
Γλώσσα:Undetermined
Έκδοση: Bộ Nông nghiệp và phát triển nông thôn 2001
Θέματα:
Ετικέτες: Προσθήκη ετικέτας
Δεν υπάρχουν, Καταχωρήστε ετικέτα πρώτοι!
Thư viện lưu trữ: Trung tâm Học liệu Trường Đại học Cần Thơ
LEADER 00631nam a2200157Ia 4500
001 CTU_52801
008 210402s9999 xx 000 0 und d
082 |a 338.161 
082 |b B450 
100 |a Bộ Nông nghiệp và phát triển nông thôn 
245 0 |a Đề án công nghiệp hóa nông nghiệp và nông thôn thời kỳ 2001 -2010 
245 0 |c Bộ Nông nghiệp và phát triển nông thôn 
260 |b Bộ Nông nghiệp và phát triển nông thôn 
260 |c 2001 
650 |a farm mechanization 
980 |a Trung tâm Học liệu Trường Đại học Cần Thơ